Statistiques concernant Culture Générale - Série 281

Cliquez ici pour prendre le quiz!

Statistiques générales

  • Ce quiz a été pris 198 fois
  • Le résultat moyen est 6 sur 10

Statistiques - réponses

QuestionRéponse% Correct
Quel organe du corps humain peut être atteint d'une otite ?L'oreille
100%
Complétez le titre de cette chanson de Serge Gainsbourg de 1978 : "Sea, Sex and...Sun
94%
De quelle articulation le tennis-elbow est-il une inflammation ?Le coude
85%
Quel était le prénom de Wagner, le célèbre compositeur allemand né en 1813 ?Richard
82%
Combien d'oscars le film "West Side Story" a-t-il remportés en 1962 ?10
81%
Au tarot, quel nom d'animal donne-t-on au talon de trois ou six cartes ?Le chien
60%
Quel rayon William Baldé a-t-il chanté en 2008 ?De soleil
53%
Quelle actrice a mis au monde des jumeaux prénommés Knox Leon et Vivienne Marcheline ?Angelina Jolie
51%
Quel arbuste, célèbre pour son huile, pousse principalement au Maroc et en Algérie?L'arganier
23%
Pour quel magazine l'héroïne du feuilleton télévisé "Ugly Betty" travaille-t-elle ?Mode
5%

Distribution des résultats

Percentile par nombre de réponses

% des personnes avec chaque résultat

Votre développement - résultats

Vous n’avez pas pris ce quiz